01248nam a2200241 a 4500008004100000020001500041050001800056100002700074245010200101250001200203260003300215300002300248350000900271650002300280650004000303650005200343700002000395995015600415995014400571999001700715952013700732952013700869100329s1993 ||||||||||||||||| || u a0070387672 aHF 5415.3 Lou aBitta, Albert J. Della10aConsumer behaviour: concepts and applications. -- 4th ed.cDavid L. Loudon; Albert J. Della Bitta a4th ed. aNew York:bMcGraw-Hillc1993 axxiii, 788p.: ill. a0.00 aCONSUMER BEHAVIOUR 0aMARKETING--MANAGEMENT--CASE STUDIES aCONSUMER BEHAVIOUR--UNITED STATES--CASE STUDIES aLoudon, David L aBINDERY (DAMAGED)D0.00e741202FCBU-MAIN LIBRARY (Kitwe)H1I0.00jHF 5415.3 LouM1UDAMAGEDWMay 3, 2010y741202ZMain Library Open Access Collection aBINDERY (DAMAGED)D0.00e727179FCBU-MAIN LIBRARY (Kitwe)H1I22.95jHF 5415.3 LouM1UDAMAGEDy000151ZMain Library Open Access Collection c79805d79805 00102lcc4070a001b001cMain Library Open Access Collectiond2023-06-29l0oHF 5415.3 Loup741202r2023-06-29t1w2023-06-29y002 00102lcc4070a001b001cMain Library Open Access Collectiond2023-06-29l0oHF 5415.3 Loup000151r2023-06-29t2w2023-06-29y002